Идентификация физических параметров локальных проводящих объектов с использованием возбуждения разночастотных пространственных компонент магнитного поля: диссертация на соискание ученой степени кандидата технических наук; спец. 05.11.13

Xehetasun bibliografikoak
Egile nagusia: Калганов С. А. Сергей Александрович
Erakunde egilea: Томский политехнический университет (ТПУ)
Beste egile batzuk: Жуков В. К. Владимир Константинович (научный руководитель)
Gaia:For_staff_use
Hizkuntza:errusiera
Argitaratua: Томск, [Б. и.], 1995
Gaiak:
Formatua: Liburua
KOHA link:https://koha.lib.tpu.ru/cgi-bin/koha/opac-detail.pl?biblionumber=78654

MARC

LEADER 00000nam0a2200000 4500
001 78654
005 20231101213015.0
035 |a (RuTPU)RU\TPU\book\84376 
035 |a RU\TPU\book\84374 
090 |a 78654 
100 |a 20050628d1995 k y0rusy50 ca 
101 0 |a rus 
102 |a RU 
105 |a a m 001zy 
200 1 |a Идентификация физических параметров локальных проводящих объектов с использованием возбуждения разночастотных пространственных компонент магнитного поля  |e диссертация на соискание ученой степени кандидата технических наук  |e спец. 05.11.13  |f С. А. Калганов  |g Томский политехнический университет (ТПУ) ; науч. рук. В. К. Жуков 
210 |a Томск  |c [Б. и.]  |d 1995 
215 |a 161 л.  |c ил. 
320 |a Библиография: с. 142-159 (156 назв.) 
371 0 |a For_staff_use 
606 1 |a Магнитные методы неразрушающего контроля  |2 stltpush  |3 (RuTPU)RU\TPU\subj\71638  |9 85454 
610 1 |a металлические предметы 
610 1 |a селективное обнаружение 
610 1 |a трехмерное магнитное поле 
610 1 |a токопроводящие предметы 
610 1 |a разночастотные пространственные компоненты 
610 1 |a информативные параметры 
610 1 |a обработка 
610 1 |a использование 
610 1 |a диссертации 
610 1 |a труды учёных ТПУ 
675 |a 620.179.14(04)  |v 4 
686 |a 05.11.13  |2 oksvnk 
700 1 |a Калганов  |b С. А.  |g Сергей Александрович 
702 1 |a Жуков  |b В. К.  |c российский ученый, электрофизик  |c Заслуженный профессор Томского политехнического университета, доктор технических наук  |f 1937-  |g Владимир Константинович  |2 stltpush  |3 (RuTPU)RU\TPU\pers\19785  |4 727 
712 0 2 |a Томский политехнический университет (ТПУ)  |c (1991-2009)  |2 stltpush  |3 (RuTPU)RU\TPU\col\376 
801 1 |a RU  |b 63413507  |c 20050628  |g PSBO 
801 2 |a RU  |b 63413507  |c 20180628  |g PSBO 
942 |c BK